000 00861pam a2200265 a 4500
999 _c8314
_d8314
001 8314
003 BD-JhCC
005 20180222091144.0
008 890713s1990 nyuaf b 001 0 eng
020 _a0471605387
035 _a(BD-JhCC)8314
040 _aDLC
_cDLC
_dDLC
_dBD-JhCC
041 _aeng
050 0 0 _aQC355.2
_b.G84 1990
082 0 0 _a535
_220
_bGUE 1990
100 1 _aGuenther, B. D.
245 1 0 _aModern optics /
_cRobert D. Guenther.
260 _aNew York :
_bWiley,
_cc1990.
300 _axvi, 696 p., [4] p. of plates :
_bill. (some col.) ;
_c26 cm.
504 _aIncludes bibliographical references (p. 681-684).
650 0 _aOptics.
856 4 2 _3Publisher description
_uhttp://www.loc.gov/catdir/description/wiley035/89037809.html
856 4 _3Table of Contents
_uhttp://www.loc.gov/catdir/toc/onix06/89037809.html
942 _2ddc
_cBK